Word Scramble : All Usa States (Pt.1) - Statistics

General Stats
  • This quiz has been taken 34 times
  • The average score is 9 of 9
Answer Stats
Scramble % Correct
Ewn Cixemo
100%
Ngrooe
100%
Setax
100%
Rmenotv
100%
Setw Iviingra
100%
ksaaal
97%
Rianoza
97%
Fcalionrai
93%
Griiiavn
93%
No matching quizzes found
Score Distribution
Percent of People with Each Score
Percentile by Number Answered
Your Score History
You have not taken this quiz